| 000 | 00561nam a2200205Ia 4500 | ||
|---|---|---|---|
| 999 |
_c669 _d669 |
||
| 003 | 0100 | ||
| 008 | 130227s9999 xx 000 0 und d | ||
| 040 | _cARRUPELIB | ||
| 050 | _aDT838.G7 | ||
| 100 |
_aGreen, Lawrence George _939964 |
||
| 245 |
_aI heard the old men say: _bsecrets of the Cape that has vanished, and little-known dramas on the fringe of living memory / |
||
| 260 |
_aCape Town _bHoward Timmins _c1965 |
||
| 300 | _a296p | ||
| 300 | _b 21cm | ||
| 650 |
_aCape of Good Hope (South Africa) _xHistory _xAnecedotes _939965 |
||
| 942 |
_2lcc _cMONOGRAPH |
||